000 00302nam a22001337a 4500
008 170405b xxu||||| |||| 00| 0 eng d
020 _a9780397553211
041 _aeng
080 _22ND
_a616.15
100 _a9
101 _aSHM
245 _aCLINICAL HEMATOLOGY
_cSTIENE-MARTIN, E.A
942 _2udc
_cBK
999 _c9886
_d9886